| 000 | 01851nam a2200253Ia 4500 | ||
|---|---|---|---|
| 008 | 260220t1961||||xx |||||||||||||| ||spa|| | ||
| 040 |
_aPY-SlUNAC _bspa _erda |
||
| 041 | _aspa | ||
| 082 |
_a574.192 _bV713t |
||
| 100 |
_aVillar Palasi, vicente _eAutor |
||
| 245 | 0 |
_aTratado de bioquímica / _cpor vicente Villar Palasi [Autor] y Ángel Santos Ruíz [Autor] |
|
| 264 |
_aBarcelona : _bL.Y.E., _c℗1961. |
||
| 300 | _a1 volumen | ||
| 520 | _aEl "Tratado de bioquímica" de Vicente Villar Palasi es una obra fundamental que aborda los principios y conceptos esenciales de la bioquímica, integrando tanto aspectos teóricos como aplicaciones prácticas en el ámbito de la biología y la medicina. A través de un enfoque sistemático, el autor explora la estructura y función de biomoléculas como proteínas, carbohidratos, lípidos y ácidos nucleicos, así como sus interacciones y roles en los procesos metabólicos. Villar Palasi también discute la importancia de las enzimas como catalizadores biológicos, analizando su cinética y regulación. Además, se incluyen secciones sobre la bioquímica de la nutrición, la biosíntesis y el metabolismo energético, proporcionando un marco comprensivo para entender los mecanismos bioquímicos que sustentan la vida. La obra se destaca por su claridad expositiva y rigor científico, convirtiéndose en un recurso valioso para estudiantes y profesionales en el campo de las ciencias de la vida y la salud, así como para aquellos interesados en profundizar en el estudio de la bioquímica. | ||
| 653 | _aBioquímica | ||
| 653 | _aCiencias de la vida | ||
| 653 | _aQuímica | ||
| 700 |
_aSantos Ruíz, Ángel _eAutor |
||
| 942 |
_b2026/02/17 _cBK |
||
| 999 |
_c8131 _d8131 |
||